[Event "Leverkusen op"]
[Site "Leverkusen"]
[Date "2004.03.01"]
[Round "5"]
[White "Morsch, Andreas"]
[Black "Biskup, Ulrich"]
[Result "1-0"]
[WhiteElo "1811"]
[BlackElo "1452"]
[PlyCount "71"]
[EventDate "2004.01.12"]
[EventType "swiss"]
[EventRounds "9"]
[EventCountry "GER"]
[SourceTitle "EXT 2006"]
[Source "ChessBase"]
[SourceDate "2005.11.24"]
[SourceVersion "1"]
[SourceVersionDate "2005.11.24"]
[SourceQuality "1"]

1. d4 d5 2. c4 c6 3. Nf3 Nf6 4. e3 e6 5. Nc3 Nbd7 6. Bd3 dxc4 7. Bxc4 Be7 8. 0-0 Qc7 9. Qc2 0-0 10. b3 Nd5 11. Bb2 N7f6 12. Rfe1 b5 13. Be2 a5 14. Rac1 Nb4 15. Qb1 Qb6 16. Ne5 Bb7 17. Bf3 Nbd5 18. Ne4 Rfd8 19. Nc5 Rac8 20. Ned3 h6 21. Re2 Nh7 22. g3 Ba8 23. h4 Ndf6 24. Rec2 Nd7 25. Nxd7 Rxd7 26. Nc5 Rdc7 27. Bg4 Bxc5 28. dxc5 Qb7 29. Rd2 Rd7 30. Rxd7 Qxd7 31. Rd1 Qe7 32. Rd6 f5 33. Bf3 Nf6 34. Qd3 Nd5 35. Qd4 Re8 36. Rxe6 1-0

[Event "Leverkusen op"]
[Site "Leverkusen"]
[Date "2004.01.12"]
[Round "1"]
[White "Biskup, Ulrich"]
[Black "Schlaefer, Roland"]
[Result "0-1"]
[WhiteElo "1452"]
[BlackElo "2002"]
[PlyCount "92"]
[EventDate "2004.01.12"]
[EventType "swiss"]
[EventRounds "9"]
[EventCountry "GER"]
[SourceTitle "EXT 2006"]
[Source "ChessBase"]
[SourceDate "2005.11.24"]
[SourceVersion "1"]
[SourceVersionDate "2005.11.24"]
[SourceQuality "1"]

1. d4 Nf6 2. c4 g6 3. Nc3 Bg7 4. e4 d6 5. h3 0-0 6. Nf3 e5 7. Be3 Nbd7 8. d5 Nc5 9. Qc2 a5 10. a4 Na6 11. Be2 Nh5 12. Qc1 Qe8 13. 0-0 f5 14. Bh6 Nc5 15. exf5 Nb3 16. Qe3 Nxa1 17. Rxa1 gxf5 18. Bxg7 Nxg7 19. Qh6 Qg6 20. Qh4 Bd7 21. Bd1 f4 22. Ne1 Bf5 23. Nb5 Rf7 24. Rc1 c6 25. Nc3 Re8 26. Kh1 Bd7 27. Bf3 Nf5 28. Qh5 Nd4 29. Ne4 Nf5 30. Bg4 Rd8 31. Nf3 Rg7 32. Nfg5 Qxh5 33. Bxh5 Kf8 34. Bg4 Ke7 35. Rd1 Nd4 36. Ne6 Nxe6 37. dxe6 Bxe6 38. c5 d5 39. Bxe6 dxe4 40. Rxd8 Kxd8 41. Bf5 h6 42. b3 e3 43. fxe3 fxe3 44. Bd3 Rd7 45. Bc4 Rd2 46. Kg1 Rd1+ 0-1